| 000 | 01497nab a22002777a 4500 | ||
|---|---|---|---|
| 999 |
_c5692 _d5692 |
||
| 003 | OSt | ||
| 005 | 20251227004633.0 | ||
| 008 | 190603e xxum|||| |||| 00| 0 spa d | ||
| 040 | _cPJ | ||
| 100 |
_aScotti, Luciana B. _95375 |
||
| 245 | 1 | 0 |
_aA una década del Código Civil y Comercial : _bprincipales innovaciones y asignaturas pendientes del derecho internacional privado / _cLuciana B. Scotti. |
| 260 |
_cCiudad Autónoma de Buenos Aires : _aThomson Reuters La Ley, _b2025. |
||
| 300 | _ap. 293-311 | ||
| 500 | _aCita: TR LALEY AR/DOC/1763/2025 Publicado en: RCCyC 2025 (agosto). | ||
| 505 | _aSumario: I. Introducción.— II. Soluciones clásicas y respuestas modernas ante los escenarios actuales.— III. Características definitorias del Cód. Civ. y Com.— IV. Principales hitos del Cód. Civ. y Com. en materia de DIPr.— V. Algunos desafíos y asignaturas pendientes.— VI. A modo de colofón. | ||
| 505 | _t¿Te interesa el texto completo? Solicitalo al correo: koha@justierradelfuego.gov.ar | ||
| 650 | 0 |
_91497 _aCODIGO CIVIL Y COMERCIAL |
|
| 650 | 0 |
_9327 _aDERECHO INTERNACIONAL PRIVADO |
|
| 650 | 0 |
_93474 _aAUTONOMÍA DE LA VOLUNTAD |
|
| 650 | 0 |
_9720 _aJURISDICCION INTERNACIONAL |
|
| 650 | 0 |
_9967 _aDERECHO DE FAMILIA |
|
| 650 | 0 | _aCOOPERACION INTERNACIONAL | |
| 650 | 0 |
_9586 _aDEFENSA EN JUICIO |
|
| 773 | 0 |
_02713 _93170 _dCiudad Autónoma de Buenos Aires : Thomson Reuters La Ley, 2015- _tRevista Código Civil y Comercial. Nº 4 - Agosto 2025 |
|
| 942 |
_2udc _cANA |
||